Work management/ (Record no. 8545)

MARC details
000 -LEADER
fixed length control field 00602 a2200181 4500
010 ## - LCCN (DPL NO)
LC control number ENG-88504
020 ## - INTERNATIONAL STANDARD BOOK NUMBER
International Standard Book Number 8182201772
Terms of availability 460.00
035 ## - SYSTEM CONTROL NUMBER
System control number EN-72037
037 ## - SOURCE OF ACQUISITION
Source of stock number/acquisition DBAD / PUB
082 14 - DEWEY DECIMAL CLASSIFICATION NUMBER
Classification number 658.3121
100 ## - MAIN ENTRY--PERSONAL NAME
Personal name Sharma, Atul Kumar
245 1# - TITLE STATEMENT
Title Work management/
Statement of responsibility, etc by Atul Kumar Sharma
260 ## - PUBLICATION, DISTRIBUTION, ETC. (IMPRINT)
Place of publication, distribution, etc New Delhi
Name of publisher, distributor, etc Global Vision Publishing House
Date of publication, distribution, etc 2006
270 ## - ADDRESS
Address F-4j1st Floor, `hari sadan'. 20 Ansari Road, Daryaganj,
City New Dehli
Postal code 110 002
300 ## - PHYSICAL DESCRIPTION
Extent vi, 163p.
Dimensions 22cm (Hb)
500 ## - GENERAL NOTE
General note Includes bibliographical references and index
942 ## - ADDED ENTRY ELEMENTS (KOHA)
Institution code [OBSOLETE] dpl
Item type English Books
Source of classification or shelving scheme Dewey Decimal Classification
Classification part 658.3121
Call number suffix SHA
Holdings
Withdrawn status Lost status Not for loan Collection code Home library Current library Source of acquisition Cost, normal purchase price Full call number Barcode Copy number Cost, replacement price Koha item type
    Not For Loan Non-fiction D.B.Act.Division D.B.Act.Division DBAD/PUB 460.00 658.3121 SHA EN-72037 1 460.00 English Books

© Delhi Public Library
Hit Counter
free hit counter